000 00449nam a2200157Ia 4500
008 100204s9999 xx 000 0 und d
082 _b28233
100 _aडहाळे संजय
245 _aपिटातल्या शिट्या
250 _a0
260 _c2008
300 _a176
630 _aपिटातल्या शिट्या
730 _aपिटातल्या शिट्या
942 _cBOOK
999 _c473402
_d473399